000 00785cam a2200241 a 4500
001 1069526
005 20180123034000.0
008 910315s1991 nyu b 000 0 eng
010 _a 91012785
020 _a0829809058 (alk. paper) :
_c$16.95
040 _aDLC
_cDLC
_dDLC
041 _aeng
043 _an-us---
080 _a371.102 joe
082 0 0 _a371.102 joe
_220
100 1 _a40
101 _aedu
245 1 0 _aFree to teach :
_cJoe Nathan ; [foreword by Herbert Kohl].
504 _aIncludes bibliographical references (p. 223-233).
906 _a7
_bcbc
_corignew
_d1
_eocip
_f19
_gy-gencatlg
942 _2ddc
_cBK
999 _c40707
_d40707